000 01298nam a22002537a 4500
005 20160407020002.0
008 131112b2010 ck ||||| |||| 00| 0 spa d
041 _aspa
044 _ack
090 _aIAVH
_b01454
100 _aFlores -Gabrielina.
_92394
245 _aImplementacion de buenas practicas agricolas mediante el establecimiento de lotes piloto en papa y hortalizas manejos organicamente en el macizo de rabanal
260 _aSogamoso
_bInstituto de Investigación de Recursos Biológicos Alexander von Humboldt
_bFudacion para el Medio ambiente y el Desarrollo humano sostenible del Tropico
_c2010
300 _a107 p.
_bil
_c27 cm
500 _aInforme técnico convenio Nº 09-06/263-09/184-0322 CE
520 _aPresenta las experiencias de las practicas agroecológicas desarrolladas con habitantes del macizo de Rabanal, específicamente con las instituciones escolares de Tibita Centro (Municipio de Lenguazaque), San Antonio (Municipio de Guachetá), San José de Gaqcal (Municipio de Ventequemada).
650 _aBiopreparado
_92395
650 _aFertilización
_92396
650 _aAbono oganico
_92397
650 _aHuerta escolar
_zMacizo de Rabanal
_92398
700 _aNuñez-Maria Mercedes.
_92399
700 _aRamirez-Mauricio.
_92578
942 _2z
_cImpreso
_01
999 _c7758
_d7758